Les Animaux les Plus Mortels pour l'Homme - Statistiques

Statistiques générales
  • Ce quiz a été pris 660 fois
  • Le résultat moyen est 9 sur 20
Statistiques - réponses
Morts par an Animal % Correct
6 Requin
94%
830 000 Moustique
90%
100 Lion
87%
60 000 Serpent
84%
17 400 Chien
80%
50 Tigre
75%
100 Éléphant
66%
500 Hippopotame
63%
10 Loup
54%
1 000 Crocodile
52%
60 Abeille
40%
580 000 Homme
37%
3 500 Scorpion
35%
40 Méduse
34%
2 700 Ascaris
13%
3 500 Mouche Tsé-Tsé
12%
4 400 Escargot d'eau douce
11%
8 000 Punaise
9%
1 600 Ténia
2%
24 200 Moustique des Sables
1%
Aucun quiz correspondant
Distribution des résultats
% des personnes avec chaque résultat
Percentile par nombre de réponses
Votre historique - résultats
Vous n’avez pas pris ce quiz